000 00453nam a2200181Ia 4500
001 1927
005 20260306143804.0
008 260306t2011||||xx |||||||||||||| ||spa||
041 _aESP
082 _a158.1
_bR71P
100 _aRobbins, Anthony
_eAUT
245 0 _aPoder sin límites:
_bla nueva ciencia del desarrollo personal
260 _c2011
300 _a477 páginas :
_c20 cm.
650 _aGEN
654 _aCPS
942 _cLIB
_dJUS
_fJUS
_2ddc
_n
999 _c1927
_d1927